000 00328nam a2200133Ia 4500
008 230524s9999 xx 000 0 und d
020 _a9789350512210
100 _aJ. C. Upadhaya
245 0 _aClassical Mechanics
260 _bHimalaya Publishing House
500 _aQuantity Number: 2
650 _aMechanics
942 _cBK
999 _c51155
_d51155